Indian essays in American literature (Record no. 45889)

MARC details
000 -LEADER
fixed length control field 00364nam a2200145Ia 4500
008 - FIXED-LENGTH DATA ELEMENTS--GENERAL INFORMATION
fixed length control field 230917s9999||||xx |||||||||||||| ||und||
040 ## - CATALOGING SOURCE
-- 40470
Original cataloging agency VIVEKANANDA LIBRARY
041 ## - Language
-- English
082 ## - DDC NUMBER
Classification number 810.9 M896I
100 ## - MAIN ENTRY--PERSONAL NAME
Personal name Mukherjee, Sujit, ed.
245 #0 - TITLE STATEMENT
Title Indian essays in American literature
260 ## - PUBLICATION, DISTRIBUTION, ETC. (IMPRINT)
Place of publication, distribution, etc Bombay
Name of publisher, distributor, etc Popular
Date of publication, distribution, etc 1969
300 ## - PHYSICAL DESCRIPTION
Pages xix, 340 p.
942 ## - ADDED ENTRY ELEMENTS (KOHA)
Koha item type Books
Holdings
Withdrawn status Lost status Damaged status Not for loan Location (home branch) Sublocation or collection (holding branch) Shelving location Date acquired Koha issues (times borrowed) Koha full call number Accession No. Koha date last seen Koha item type
        VIVEKANANDA LIBRARY VIVEKANANDA LIBRARY Directorate of Distance Education 03/01/2003   810.9 M896I 112848 17/09/2023 Books
        VIVEKANANDA LIBRARY VIVEKANANDA LIBRARY   03/01/2003   810.9 M896I 12830 17/09/2023 Books
© Designed and Maintained by Vivekananda Library, MDU Rohtak